New Cambridge advanced English ( cassette 3 )

Guardat en:
Dades bibliogràfiques
Autor principal: Leo Jones
Format: Llibre
Idioma:Undetermined
Publicat: Cambridge, UK Cambridge Univ. Press 1998
Matèries:
Etiquetes: Afegir etiqueta
Sense etiquetes, Sigues el primer a etiquetar aquest registre!
Thư viện lưu trữ: Trung tâm Học liệu Trường Đại học Cần Thơ
LEADER 00539nam a2200193Ia 4500
001 CTU_57656
008 210402s9999 xx 000 0 und d
082 |a 428.34 
082 |b J78/T3 
100 |a Leo Jones 
245 0 |a New Cambridge advanced English ( cassette 3 ) 
245 0 |c Leo Jones 
260 |a Cambridge, UK 
260 |b Cambridge Univ. Press 
260 |c 1998 
650 |a english language 
650 |x study and teaching,foreign speakers 
904 |i Minh 
980 |a Trung tâm Học liệu Trường Đại học Cần Thơ